Catálogo público

Dulces, jaleas y mermeladas / (Record no. 220405)

MARC details
000 -CABECERA
campo de control de longitud fija 01841nam a2200421 a 4500
003 - IDENTIFICADOR DEL NÚMERO DE CONTROL
campo de control CHAP
005 - FECHA Y HORA DE LA ÚLTIMA TRANSACCIÓN
campo de control 20250130120102.0
007 - CAMPO FIJO DE DESCRIPCIÓN FÍSICA--INFORMACIÓN GENERAL
campo de control de longitud fija ta
008 - DATOS DE LONGITUD FIJA--INFORMACIÓN GENERAL
campo de control de longitud fija 250129s2007 ag o|||gr|||| 001 0 spa d
020 ## - NÚMERO INTERNACIONAL ESTÁNDAR DEL LIBRO
Número Internacional Estándar del Libro 978-950-24-1199-6
040 ## - FUENTE DE LA CATALOGACIÓN
Centro catalogador/agencia de origen mxchpua
Centro/agencia transcriptor CHAP
Normas de descripción rda
041 ## - CÓDIGO DE LENGUA
Código de lengua del texto/banda sonora o título independiente spa
Código de lengua del sumario o resumen spa
Código de lengua de la tabla de contenido spa
Código de lengua original ger
050 10 - SIGNATURA TOPOGRÁFICA DE LA BIBLIOTECA DEL CONGRESO
Número de clasificación TX601
Número de documento/Ítem .L44 2007
082 00 - NÚMERO DE LA CLASIFICACIÓN DECIMAL DEWEY
Número de edición 20
Número de clasificación 641.852
Número de documento/Ítem L44 2007
100 1# - ENTRADA PRINCIPAL--NOMBRE DE PERSONA
Nombre de persona Lehari, Gabriele
9 (RLIN) 189994
240 1# - TÍTULO UNIFORME
Título uniforme Konfitüren & gelees.
Lenguaje de la obra Español
245 10 - MENCIÓN DE TÍTULO
Título Dulces, jaleas y mermeladas /
Mención de responsabilidad, etc. Gabriele Lehari ; traductora Rosa María Gotta
250 ## - MENCIÓN DE EDICIÓN
Mención de edición 1a edición
264 ## - PRODUCCIÓN, PUBLICACIÓN, DISTRIBUCIÓN, FABRICACIÓN Y COPYRIGHT
Producción, publicación, distribución, fabricación y copyright Buenos Aires, Argentina :
Nombre del de productor, editor, distribuidor, fabricante Albatros,
Fecha de producción, publicación, distribución, fabricación o copyright 2007
300 ## - DESCRIPCIÓN FÍSICA
Extensión 63 páginas :
Otras características físicas fotos
336 ## - TIPO DE CONTENIDO
Fuente rdacontent
Término de tipo de contenido texto
Código de tipo de contenido txt
337 ## - TIPO DE MEDIO
Fuente rdamedia
Nombre/término del tipo de medio sin medio
Código del tipo de medio n
338 ## - TIPO DE SOPORTE
Fuente rdacarrier
Nombre/término del tipo de soporte volumen
Código del tipo de soporte nc
490 1# - MENCIÓN DE SERIE
Mención de serie Los imprescindibles (Albatros)
505 0# - NOTA DE CONTENIDO CON FORMATO
Nota de contenido con formato 1. Pura naturaleza --<br/>2. Frutas para untar --<br/>3. Dulces y mermeladas --<br/>4. Jalea, una sustancia clara.
520 2# - SUMARIO, ETC.
Sumario, etc. Exquisitas recetas para dulces, mermeladas y jaleas Repostería y comidas con dulces y jaleas Con explicaciones paso a paso Valiosas sugerencias para obtener exquisitos resultados Gabriele Lehari es autora de numerosos libros especializados sobre el tema.Toda la información para cocineros aficionados y golosos... clara y sencilla actualizada y orientada hacia la práctica con muchas fotografías a todo color
650 13 - PUNTO DE ACCESO ADICIONAL DE MATERIA--TÉRMINO DE MATERIA
Término de materia o nombre geográfico como elemento de entrada Recetas
Fuente del encabezamiento o término atg
9 (RLIN) 159867
650 13 - PUNTO DE ACCESO ADICIONAL DE MATERIA--TÉRMINO DE MATERIA
Término de materia o nombre geográfico como elemento de entrada Preparación de alimentos
Fuente del encabezamiento o término atg
9 (RLIN) 153466
650 13 - PUNTO DE ACCESO ADICIONAL DE MATERIA--TÉRMINO DE MATERIA
Término de materia o nombre geográfico como elemento de entrada Mermeladas
Fuente del encabezamiento o término atg
9 (RLIN) 148122
650 13 - PUNTO DE ACCESO ADICIONAL DE MATERIA--TÉRMINO DE MATERIA
Término de materia o nombre geográfico como elemento de entrada Jaleas
Fuente del encabezamiento o término atg
9 (RLIN) 159875
650 13 - PUNTO DE ACCESO ADICIONAL DE MATERIA--TÉRMINO DE MATERIA
Término de materia o nombre geográfico como elemento de entrada Recipies
Fuente del encabezamiento o término atg
9 (RLIN) 162121
650 13 - PUNTO DE ACCESO ADICIONAL DE MATERIA--TÉRMINO DE MATERIA
Término de materia o nombre geográfico como elemento de entrada Food preparation
Fuente del encabezamiento o término atg
9 (RLIN) 153465
650 13 - PUNTO DE ACCESO ADICIONAL DE MATERIA--TÉRMINO DE MATERIA
Término de materia o nombre geográfico como elemento de entrada Jams
Fuente del encabezamiento o término atg
9 (RLIN) 148121
650 13 - PUNTO DE ACCESO ADICIONAL DE MATERIA--TÉRMINO DE MATERIA
Término de materia o nombre geográfico como elemento de entrada Jellies
Fuente del encabezamiento o término atg
9 (RLIN) 189998
700 1# - PUNTO DE ACCESO ADICIONAL--NOMBRE DE PERSONA
Nombre de persona Gotta, Rosa María
9 (RLIN) 189999
Término indicativo de función/relación traductora
830 #4 - PUNTO DE ACCESO ADICIONAL DE SERIE-TÍTULO UNIFORME
Título uniforme Los imprescindibles (Albatros)
9 (RLIN) 190000
942 ## - ELEMENTOS DE PUNTO DE ACCESO ADICIONAL (KOHA)
Fuente del sistema de clasificación o colocación Dewey Decimal Classification
Tipo de ítem Koha Libro
Holdings
Estado de retiro Estado de pérdida Fuente del sistema de clasificación o colocación Estado dañado Restricciones de uso No para préstamo Código de colección Localización permanente Ubicación/localización actual Fecha de adquisición Coste, precio normal de compra Número de inventario Total de préstamos Signatura topográfica completa Código de barras Fecha visto por última vez Número de copia Precio válido a partir de Tipo de ítem Koha
    Dewey Decimal Classification   Préstamo interno   General Ingenieria Agroindustrial Ingenieria Agroindustrial 16/10/2024 182.40 Consumo   641.852 L44 2007 1102015217 29/01/2025 Ej. 1 29/01/2025 Libro
    Dewey Decimal Classification   Préstamo 5 días   General Ingenieria Agroindustrial Ingenieria Agroindustrial 16/10/2024 182.40 Consumo   641.852 L44 2007 1102015218 29/01/2025 Ej. 2 29/01/2025 Libro